[Event "Bilderberg 2007"]
[Site "Oosterbeek"]
[Date "2007.07.03"]
[Round "4"]
[White "Grotenhuis, G.H.."]
[Black "Monté, P.J.."]
[Result "0-1"]
[WhiteElo "2059"]
[BlackElo "2006"]
[PlyCount "116"]
[EventDate "2007.06.30"]
[SourceDate "2007.07.06"]

1. d4 e6 2. Nf3 f5 3. c3 Nf6 4. Bg5 Be7 5. Bxf6 Bxf6 6. Nbd2 d5 7. e3 O-O 8. b4
b6 9. a4 c5 10. g3 Qe7 11. Qb3 Nc6 12. b5 Na5 13. Qa2 Bb7 14. Bg2 Rac8 15. O-O
Rc7 16. Rac1 Rfc8 17. Qb2 g5 18. Ne5 Qg7 19. f4 g4 20. Rfd1 Qf8 21. c4 cxd4 22.
exd4 Bxe5 23. dxe5 Nxc4 24. Nxc4 Rxc4 25. Rxc4 Rxc4 26. Ra1 Qc5+ 27. Qf2 Rc1+
28. Rxc1 Qxc1+ 29. Bf1 Qd1 30. a5 d4 31. axb6 axb6 32. Qa2 Kf7 33. Qa3 Qe1 34.
Qd3 Qe4 35. Kf2 Kg6 36. h4 gxh3 37. Qxe4 Bxe4 38. Bxh3 Bd3 39. g4 Bxb5 40.
gxf5+ exf5 41. Bg2 Bc4 42. Bc6 b5 43. Be8+ Kg7 44. Ke1 b4 45. Kd2 Bd5 46. Bh5
Be4 47. Kc1 Kf8 48. Kb2 Bd5 49. Kc2 b3+ 50. Kb2 Bf7 51. Bf3 Ke7 52. Bd1 Be6 53.
Be2 Kd7 54. Ka3 Kc6 55. Kb4 b2 56. Bd3 Ba2 57. Bxf5 b1=Q+ 58. Bxb1 Bxb1 0-1

[Event "Bilderberg 2007"]
[Site "Oosterbeek"]
[Date "2007.07.03"]
[Round "4"]
[White "Wilmink, J.."]
[Black "Zuidema, C.."]
[Result "1/2-1/2"]
[WhiteElo "1942"]
[BlackElo "2404"]
[PlyCount "44"]
[EventDate "2007.06.30"]
[SourceDate "2007.07.06"]

1. d4 Nf6 2. c4 e6 3. Nc3 Bb4 4. e3 b6 5. Bd3 Bb7 6. Nf3 O-O 7. O-O d5 8. a3
Bd6 9. b4 dxc4 10. Bxc4 Nbd7 11. Bb2 Ne4 12. Nxe4 Bxe4 13. Qe2 c5 14. bxc5 bxc5
15. Rfd1 Qe7 16. a4 a5 17. Bb5 Nb6 18. dxc5 Bxc5 19. Nd2 Bg6 20. e4 Rfd8 21.
Nf3 Bh5 22. h3 Bxf3 1/2-1/2

[Event "Bilderberg 2007"]
[Site "Oosterbeek"]
[Date "2007.07.03"]
[Round "4"]
[White "Oosthout , W.L.."]
[Black "Peut, A. van de"]
[Result "0-1"]
[WhiteElo "1950"]
[BlackElo "1924"]
[PlyCount "38"]
[EventDate "2007.06.30"]
[SourceDate "2007.07.06"]

1. e4 e6 2. d4 d5 3. Nd2 c5 4. dxc5 Bxc5 5. Nb3 Bb6 6. exd5 exd5 7. Bb5+ Nc6 8.
Ne2 Nge7 9. O-O O-O 10. c3 Bg4 11. Bf4 Re8 12. Qd2 Ng6 13. Ned4 Nxf4 14. f3 Bd7
15. Qxf4 Nxd4 16. Nxd4 Bxb5 17. Rfe1 Bxd4+ 18. Qxd4 Rxe1+ 19. Rxe1 Qb6 0-1

[Event "Bilderberg 2007"]
[Site "Oosterbeek"]
[Date "2007.07.03"]
[Round "4"]
[White "Böhm, H.."]
[Black "Vogel, J.            ."]
[Result "0-1"]
[WhiteElo "2265"]
[BlackElo "2214"]
[PlyCount "154"]
[EventDate "2007.06.30"]
[SourceDate "2007.07.06"]

1. e4 e6 2. d4 d5 3. Nd2 Nf6 4. e5 Nfd7 5. c3 c5 6. Bd3 Nc6 7. Ne2 a5 8. f4
cxd4 9. cxd4 Nb6 10. O-O g6 11. Nf3 h5 12. g3 Bd7 13. h3 a4 14. Kg2 a3 15. b3
Nb4 16. Bb1 Qc7 17. Ne1 Bb5 18. Bd2 Nc8 19. Rf3 Bxe2 20. Qxe2 Qb6 21. Nc2 Nxc2
22. Bxc2 Ne7 23. Be3 Rc8 24. Rd1 Nf5 25. Bf2 Be7 26. Bb1 Kf8 27. Rfd3 Bb4 28.
Rh1 Ne7 29. Qd1 Nc6 30. g4 Be7 31. f5 gxf5 32. gxf5 Rg8+ 33. Rg3 Rxg3+ 34. Kxg3
Ke8 35. fxe6 fxe6 36. Qxh5+ Kd7 37. Qg4 Rf8 38. Rf1 Qd8 39. Kh2 Bg5 40. Bd3 Qe7
41. Bg1 Rxf1 42. Bxf1 Nb4 43. Qe2 Qf8 44. Bf2 Qf4+ 45. Kg1 Kc7 46. Qb5 Nc6 47.
Qa4 Bh4 48. Bxh4 Qxh4 49. Qxa3 Qxd4+ 50. Kh1 Qxe5 51. Qc1 Kb6 52. a3 d4 53. b4
Qd6 54. Qc4 e5 55. Bd3 Qf8 56. Qc5+ Qxc5 57. bxc5+ Kxc5 58. Kg2 Kd5 59. Kf3 Nd8
60. h4 Ke6 61. Ke4 Kf6 62. Kd5 Ne6 63. Be4 Nf4+ 64. Kc4 b6 65. a4 Ke6 66. Kb5
d3 67. Kc4 d2 68. Bc2 Ng2 69. h5 Ne3+ 70. Kd3 d1=Q+ 71. Bxd1 Nxd1 72. h6 Kf6
73. h7 Kg7 74. Ke4 Nc3+ 75. Kxe5 Nxa4 76. Kd6 b5 77. Kd5 Kxh7 0-1

[Event "Bilderberg 2007"]
[Site "Oosterbeek"]
[Date "2007.07.03"]
[Round "4"]
[White "Nagel, J.G.."]
[Black "Arp, F.L.."]
[Result "1/2-1/2"]
[WhiteElo "1916"]
[BlackElo "2118"]
[PlyCount "63"]
[EventDate "2007.06.30"]
[SourceDate "2007.07.06"]

1. e4 e5 2. Nf3 Nc6 3. Bc4 Nf6 4. Ng5 d5 5. exd5 Na5 6. Bb5+ c6 7. dxc6 bxc6 8.
Qf3 Rb8 9. Be2 Bd6 10. Nc3 O-O 11. Nge4 Nxe4 12. Nxe4 f5 13. Nxd6 Qxd6 14. Qc3
Qc7 15. b3 c5 16. Ba3 Nb7 17. Bc4+ Kh8 18. Bd5 Rd8 19. Bxb7 Bxb7 20. Qxc5 Qf7
21. O-O-O Bxg2 22. Rhg1 Be4 23. Qxe5 Rbc8 24. d3 Rd5 25. Qg3 f4 26. Qg4 Qc7 27.
Rd2 Rxd3 28. Bb2 Bg6 29. c4 Rxd2 30. Kxd2 Re8 31. Qf3 Qe7 32. Kc1 1/2-1/2

[Event "Bilderberg 2007"]
[Site "Oosterbeek"]
[Date "2007.07.03"]
[Round "4"]
[White "Hajenius, W.D.."]
[Black "Goossen, T.P.."]
[Result "1-0"]
[WhiteElo "1967"]
[BlackElo "2060"]
[PlyCount "75"]
[EventDate "2007.06.30"]
[SourceDate "2007.07.06"]

1. d4 d5 2. c4 e6 3. cxd5 exd5 4. Nc3 c6 5. Bf4 Nf6 6. Nf3 Bd6 7. Bg3 O-O 8. e3
Ne4 9. Bd3 f5 10. Qb3 Qe7 11. Nxe4 fxe4 12. Bxd6 Qxd6 13. Bxe4 Bg4 14. h3 Bh5
15. Ne5 Nd7 16. Nxd7 Qxd7 17. O-O Be2 18. Qc2 Bxf1 19. Bxh7+ Kh8 20. Rxf1 g5
21. Bd3 Kg7 22. g4 Rh8 23. Bf5 Qd6 24. Kg2 Rae8 25. Qd2 Qh6 26. Rh1 Qf6 27. f3
Re7 28. e4 dxe4 29. fxe4 Rd8 30. Rd1 Kf8 31. Qe3 c5 32. d5 Rd6 33. Rd2 b6 34.
Rf2 Kg7 35. Be6 Qh6 36. Qc3+ Kh7 37. Rf6 Qg7 38. Bf5+ 1-0

[Event "Bilderberg 2007"]
[Site "Oosterbeek"]
[Date "2007.07.03"]
[Round "4"]
[White "Leeuwen , E. van"]
[Black "Haitsma, A.H.."]
[Result "1-0"]
[WhiteElo "2047"]
[BlackElo "2013"]
[PlyCount "51"]
[EventDate "2007.06.30"]
[SourceDate "2007.07.06"]

1. e4 e5 2. Nf3 Nc6 3. d4 exd4 4. Bc4 Nf6 5. e5 Ng4 6. O-O d6 7. exd6 Qxd6 8.
h3 Nge5 9. Nxe5 Nxe5 10. Re1 Be7 11. Bf4 f6 12. Nd2 Bf5 13. Bxe5 fxe5 14. Qf3
Rf8 15. Qxb7 Rc8 16. Nf3 Bf6 17. Nxe5 Bxe5 18. f4 Kd8 19. Rxe5 c6 20. Bb3 Bd7
21. Rae1 Rxf4 22. Be6 Qc7 23. Qb4 c5 24. Qd2 Rf6 25. Qg5 Bxe6 26. Rxe6 1-0

[Event "Bilderberg 2007"]
[Site "Oosterbeek"]
[Date "2007.07.03"]
[Round "4"]
[White "Mostertman, L.G.."]
[Black "Sep, C.J.P.."]
[Result "1/2-1/2"]
[WhiteElo "1980"]
[BlackElo "1971"]
[PlyCount "109"]
[EventDate "2007.06.30"]
[SourceDate "2007.07.06"]

1. e4 c5 2. d4 cxd4 3. Nf3 Nc6 4. c3 d5 5. exd5 Qxd5 6. cxd4 e6 7. Nc3 Qd8 8.
Bd3 Nf6 9. O-O Be7 10. Qe2 O-O 11. Rd1 Nb4 12. Bb1 Bd7 13. Ne5 Rc8 14. Nxd7
Qxd7 15. a3 Nbd5 16. Qd3 Qc6 17. Bd2 Qc4 18. Qg3 Qxd4 19. Ba2 Qg4 20. Nxd5 exd5
21. Qxg4 Nxg4 22. Bxd5 Bc5 23. Be1 Rce8 24. h3 Rxe1+ 25. Rxe1 Bxf2+ 26. Kf1
Bxe1 27. Rxe1 Nf6 28. Bxb7 Rb8 29. Rc1 Kf8 30. Rc8+ Rxc8 31. Bxc8 Nd5 32. Ke2
Nf4+ 33. Kf3 Nd3 34. b3 Ne1+ 35. Ke4 Nxg2 36. b4 Ke7 37. Kd5 Kd8 38. Bg4 Ne3+
39. Kc6 Nxg4 40. hxg4 h6 41. Kb7 h5 42. gxh5 f5 43. Kxa7 f4 44. b5 f3 45. b6 f2
46. b7 f1=Q 47. b8=Q+ Ke7 48. Qb4+ Kf7 49. a4 Qd1 50. Qb7+ Kg8 51. Qb5 Qd4+ 52.
Kb7 Qe4+ 53. Qc6 Qb4+ 54. Ka6 Qb2 55. Qb5 1/2-1/2

[Event "Bilderberg 2007"]
[Site "Oosterbeek"]
[Date "2007.07.03"]
[Round "4"]
[White "Duijvesteijn, L.W.T.."]
[Black "Plijter, M.W.."]
[Result "1/2-1/2"]
[WhiteElo "1985"]
[BlackElo "1960"]
[PlyCount "31"]
[EventDate "2007.06.30"]
[SourceDate "2007.07.06"]

1. e4 e6 2. d4 d5 3. exd5 exd5 4. Nf3 Bd6 5. Bd3 Nf6 6. O-O O-O 7. Bg5 h6 8.
Bh4 Re8 9. Nbd2 Nbd7 10. c3 Nf8 11. Qc2 Bg4 12. Rae1 Rxe1 13. Rxe1 c6 14. Ne5
g5 15. Bg3 Be6 16. Qd1 1/2-1/2

[Event "Bilderberg 2007"]
[Site "Oosterbeek"]
[Date "2007.07.04"]
[Round "5"]
[White "Monté, P.J.."]
[Black "Markus, J.R.          ."]
[Result "0-1"]
[WhiteElo "2006"]
[BlackElo "2200"]
[PlyCount "44"]
[EventDate "2007.06.30"]
[SourceDate "2007.07.06"]

1. e4 g6 2. f4 d6 3. Nf3 Bg7 4. d4 Nd7 5. Nc3 a6 6. Bc4 e6 7. Qe2 b5 8. Bb3 c5
9. dxc5 dxc5 10. e5 Bb7 11. a4 c4 12. axb5 cxb3 13. bxa6 Bxf3 14. Qxf3 Ne7 15.
Ne4 O-O 16. O-O bxc2 17. Be3 Nd5 18. Rfc1 Nxe5 19. fxe5 Bxe5 20. Nf2 Bxb2 21.
Ra4 Bxc1 22. Bxc1 Qc8 0-1

[Event "Bilderberg 2007"]
[Site "Oosterbeek"]
[Date "2007.07.04"]
[Round "5"]
[White "Caspel, R.D.J. van  "]
[Black "Piket, J.J.."]
[Result "1/2-1/2"]
[WhiteElo "2067"]
[BlackElo "2120"]
[PlyCount "32"]
[EventDate "2007.06.30"]
[SourceDate "2007.07.06"]

1. d4 Nf6 2. c4 c5 3. dxc5 Na6 4. g3 Nxc5 5. Bg2 g6 6. Nc3 Bg7 7. Nf3 O-O 8.
O-O d6 9. Nd4 a6 10. h3 Rb8 11. Be3 Bd7 12. Rc1 Ne6 13. Nd5 Nxd5 14. cxd5 Nxd4
15. Bxd4 Bxd4 16. Qxd4 Qa5 1/2-1/2

[Event "Bilderberg 2007"]
[Site "Oosterbeek"]
[Date "2007.07.04"]
[Round "5"]
[White "Vogel, J.            ."]
[Black "Graaff, R.A.G. de"]
[Result "1/2-1/2"]
[WhiteElo "2214"]
[BlackElo "2155"]
[PlyCount "80"]
[EventDate "2007.06.30"]
[SourceDate "2007.07.06"]

1. Nf3 d5 2. d4 Nf6 3. c4 c6 4. e3 Bf5 5. Nc3 e6 6. Be2 Nbd7 7. b3 Bb4 8. Bd2
O-O 9. a3 Ba5 10. b4 Bc7 11. b5 c5 12. Rc1 dxc4 13. Bxc4 cxd4 14. Nxd4 Ne5 15.
Qe2 Nxc4 16. Qxc4 Bg6 17. Nce2 Rc8 18. Bb4 Ba5 19. Qb3 Bxb4+ 20. Qxb4 Rxc1+ 21.
Nxc1 Nd5 22. Qd2 Qe7 23. a4 Rd8 24. O-O e5 25. Nf3 Be4 26. Rd1 Rc8 27. Nd3 Bxd3
28. Qxd3 Nc3 29. Qc2 Qe8 30. Ra1 e4 31. Nd4 Nxb5 32. Qb2 Nxd4 33. Qxd4 b6 34.
a5 Rd8 35. Qb2 bxa5 36. h3 Rd5 37. Qb7 Qd8 38. Kh2 h5 39. Rc1 Kh7 40. g3 h4
1/2-1/2

[Event "Bilderberg 2007"]
[Site "Oosterbeek"]
[Date "2007.07.04"]
[Round "5"]
[White "Scholten, K.R.        ."]
[Black "Etmans, M.D.."]
[Result "1-0"]
[WhiteElo "1945"]
[BlackElo "2186"]
[PlyCount "149"]
[EventDate "2007.06.30"]
[SourceDate "2007.07.06"]

1. e4 Nf6 2. e5 Ng8 3. d4 d6 4. Nf3 Bg4 5. h3 Bxf3 6. Qxf3 c6 7. Qb3 Qb6 8.
Qxb6 axb6 9. exd6 exd6 10. Bd3 Nd7 11. O-O O-O-O 12. Nd2 Ngf6 13. Nf3 h6 14.
Bd2 d5 15. Rfe1 Bd6 16. Ne5 Bxe5 17. dxe5 Ne4 18. Bxe4 dxe4 19. Bc3 Nc5 20. a4
b5 21. axb5 cxb5 22. Ra5 Na4 23. Rxb5 Nxc3 24. Rc5+ Kb8 25. Rxc3 Rd4 26. Rce3
Rb4 27. b3 Rc8 28. Rxe4 Rxe4 29. Rxe4 Rxc2 30. Rf4 Rc1+ 31. Kh2 Rc7 32. Rc4 Rd7
33. Rc3 Rd4 34. Kg3 b5 35. f4 b4 36. Re3 Kc7 37. Kf3 g6 38. g3 Kd7 39. Ke2 Ke6
40. Rd3 Re4+ 41. Kf3 Re1 42. Rd6+ Ke7 43. Rd4 h5 44. Rxb4 Rf1+ 45. Ke2 Rg1 46.
Kf2 Rb1 47. Rb6 Rc1 48. Rd6 Rc3 49. b4 Rb3 50. Rd4 Rb2+ 51. Ke3 Rb3+ 52. Ke4
Ke6 53. g4 Rxh3 54. f5+ gxf5+ 55. gxf5+ Ke7 56. Kd5 Rh1 57. b5 h4 58. b6 Rb1
59. Kc6 h3 60. Rh4 Rc1+ 61. Kb7 Rh1 62. Rc4 Rg1 63. Rh4 Rh1 64. Rh7 Kf8 65. f6
Kg8 66. Rg7+ Kf8 67. Rg3 h2 68. Rg2 Ke8 69. Rd2 Re1 70. Rxh2 Kd7 71. Rd2+ Ke6
72. Rd8 Kf5 73. Re8 Kg6 74. Kb8 Rb1 75. b7 1-0

[Event "Bilderberg 2007"]
[Site "Oosterbeek"]
[Date "2007.07.04"]
[Round "5"]
[White "Berg, A.M.J. van den"]
[Black "Visser, G.M.."]
[Result "0-1"]
[WhiteElo "2169"]
[BlackElo "2019"]
[PlyCount "79"]
[EventDate "2007.06.30"]
[SourceDate "2007.07.06"]

1. e4 e6 2. d3 c5 3. Nf3 Nc6 4. g3 d5 5. Nbd2 Be7 6. Bg2 h5 7. h4 Nf6 8. O-O d4
9. e5 Ng4 10. Re1 Qc7 11. Qe2 Nb4 12. Ne4 Nd5 13. c4 dxc3 14. Nxc3 Nxc3 15.
bxc3 Bd7 16. Bg5 Bc6 17. Rab1 Rd8 18. Bxe7 Qxe7 19. Ng5 Bxg2 20. Kxg2 Qd7 21.
Qf3 b6 22. c4 O-O 23. Rbd1 f6 24. exf6 Rxf6 25. Qe4 Qd4 26. Qh7+ Kf8 27. Qh8+
Ke7 28. Qxg7+ Kd6 29. Nf7+ Kc7 30. Ne5+ Kc8 31. Nxg4 Rxf2+ 32. Nxf2 Qxg7 33.
Rxe6 Qb2 34. Rh6 Rf8 35. Rf1 Qe2 36. Rh7 Qf3+ 37. Kh2 Rg8 38. g4 hxg4 39. Kg1
Qg3+ 40. Kh1 0-1

[Event "Bilderberg 2007"]
[Site "Oosterbeek"]
[Date "2007.07.04"]
[Round "5"]
[White "Speijer, N.B.."]
[Black "Brongers, H.R.        ."]
[Result "1-0"]
[WhiteElo "2133"]
[BlackElo "2072"]
[PlyCount "73"]
[EventDate "2007.06.30"]
[SourceDate "2007.07.06"]

1. e4 c6 2. d4 d5 3. e5 Bf5 4. Nc3 e6 5. g4 Bg6 6. Nge2 f6 7. h4 fxe5 8. h5 Bf7
9. dxe5 Nd7 10. f4 Bb4 11. Bg2 Qb6 12. a3 Bxc3+ 13. Nxc3 Ne7 14. Qe2 Qc7 15.
Be3 O-O-O 16. O-O-O g6 17. h6 g5 18. Rhf1 gxf4 19. Bxf4 Ng6 20. Bg3 Rhf8 21.
Rde1 Bg8 22. Kb1 Qb6 23. Qd2 Rxf1 24. Bxf1 d4 25. Na4 Qc7 26. Qxd4 Qa5 27. Qb4
Qxb4 28. axb4 Ndxe5 29. Bxe5 Nxe5 30. Rxe5 Rd1+ 31. Ka2 Rxf1 32. Nc5 Rf4 33.
Rg5 Bf7 34. Nd3 Rf6 35. Ne5 Be8 36. Rg8 Kd8 37. g5 1-0

[Event "Bilderberg 2007"]
[Site "Oosterbeek"]
[Date "2007.07.04"]
[Round "5"]
[White "Peut, A. van de"]
[Black "Ruiter, T. de"]
[Result "1/2-1/2"]
[WhiteElo "1924"]
[BlackElo "2112"]
[PlyCount "89"]
[EventDate "2007.06.30"]
[SourceDate "2007.07.06"]

1. e4 e6 2. d4 d5 3. Nc3 Nf6 4. Bg5 Be7 5. e5 Nfd7 6. h4 a6 7. Bxe7 Qxe7 8. Qg4
f5 9. Qh5+ Qf7 10. Qxf7+ Kxf7 11. Nf3 c5 12. Ne2 Nc6 13. c3 cxd4 14. Nexd4
Ndxe5 15. Ng5+ Ke7 16. f4 Nxd4 17. cxd4 Nc6 18. Nf3 Bd7 19. a3 Be8 20. h5 h6
21. Kf2 Rc8 22. Bd3 Kf6 23. Rae1 Na5 24. Re2 Bf7 25. Ne5 Nb3 26. Nd7+ Ke7 27.
Nb6 Rcd8 28. Rc2 Kf6 29. Rc7 Be8 30. Ke3 Rb8 31. g4 fxg4 32. f5 Rf8 33. Rf1 Rf7
34. fxe6+ Kxe6 35. Rfxf7 Bxf7 36. Nxd5 Kxd5 37. Bc4+ Kd6 38. Rxf7 Na5 39. Bf1
Re8+ 40. Kf4 Re7 41. Rxe7 Kxe7 42. Kxg4 Nb3 43. d5 Nd4 44. Kf4 Kf6 45. Bd3
1/2-1/2

[Event "Bilderberg 2007"]
[Site "Oosterbeek"]
[Date "2007.07.04"]
[Round "5"]
[White "Zuidema, C.."]
[Black "Hajenius, W.D.."]
[Result "1-0"]
[WhiteElo "2404"]
[BlackElo "1967"]
[PlyCount "107"]
[EventDate "2007.06.30"]
[SourceDate "2007.07.06"]

1. e4 c5 2. Nf3 e6 3. d4 cxd4 4. Nxd4 Nf6 5. Nc3 Nc6 6. Ndb5 Bb4 7. a3 Bxc3+ 8.
Nxc3 d5 9. exd5 exd5 10. Bd3 O-O 11. O-O h6 12. h3 d4 13. Ne2 a6 14. b4 b5 15.
Bb2 Bb7 16. Qd2 Qd5 17. f3 Rad8 18. Qf4 Rfe8 19. Ng3 Qe6 20. Nf5 Nd5 21. Qg3
Qf6 22. Rae1 Nde7 23. Nxe7+ Rxe7 24. Rxe7 Qxe7 25. Re1 Qd7 26. Bc1 Kf8 27. Bf4
Re8 28. Bd6+ Kg8 29. Bc5 Rxe1+ 30. Qxe1 Qe6 31. Qe4 Qxe4 32. Bxe4 g6 33. g4 Kg7
34. Kf2 Kf6 35. Bd5 h5 36. Kg3 hxg4 37. hxg4 g5 38. f4 gxf4+ 39. Kxf4 Kg6 40.
Be4+ Kg7 41. Bd5 f6 42. Be6 Kg6 43. Bb3 a5 44. Bd5 axb4 45. axb4 Kg7 46. Be6
Kg6 47. Bb3 Bc8 48. Bd5 Bd7 49. Bf3 Be8 50. Be2 Kg7 51. Bxb5 Nxb4 52. Bxe8 Nxc2
53. Ba4 Ne1 54. Bxd4 1-0

[Event "Bilderberg 2007"]
[Site "Oosterbeek"]
[Date "2007.07.04"]
[Round "5"]
[White "Huizinga, S.W.."]
[Black "Wilmink, J.."]
[Result "0-1"]
[WhiteElo "1870"]
[BlackElo "1942"]
[PlyCount "90"]
[EventDate "2007.06.30"]
[SourceDate "2007.07.06"]

1. e4 c5 2. Nf3 d6 3. d4 cxd4 4. Nxd4 Nf6 5. Nc3 g6 6. Bc4 Bg7 7. f3 Nc6 8. Be3
O-O 9. Qe2 Bd7 10. O-O-O Ne5 11. Bb3 Qa5 12. Kb1 Rfc8 13. g4 Rxc3 14. Bd2 Qc5
15. Bxc3 b5 16. g5 Nh5 17. Bd5 Nf4 18. Qe1 Rc8 19. Nb3 Qc7 20. Qd2 b4 21. Bxb4
Nxf3 22. Qf2 Nh3 23. Qe2 Bg4 24. Ba5 Qd7 25. Qa6 e6 26. Bb7 Rb8 27. Nc5 Qe7 28.
Qxa7 Rf8 29. Nd3 Qxg5 30. Bc7 Nd2+ 31. Rxd2 Qxd2 32. Bxd6 Be2 33. Bb4 Qg5 34.
Bxf8 Bxf8 35. Qd4 Qb5 36. Qe3 Bg7 37. e5 Bxd3 38. Qxd3 Qxb7 39. Rd1 Bxe5 40.
Qd8+ Kg7 41. b3 Nf2 42. Rf1 Ne4 43. Re1 Nc3+ 44. Ka1 Qa7 45. a4 Bf6 0-1

[Event "Bilderberg 2007"]
[Site "Oosterbeek"]
[Date "2007.07.04"]
[Round "5"]
[White "Arp, F.L.."]
[Black "Grotenhuis, G.H.."]
[Result "1/2-1/2"]
[WhiteElo "2118"]
[BlackElo "2059"]
[PlyCount "98"]
[EventDate "2007.06.30"]
[SourceDate "2007.07.06"]

1. e4 d5 2. exd5 Qxd5 3. d4 Nf6 4. Nc3 Qd6 5. Nf3 c6 6. Be2 h6 7. O-O Nbd7 8.
Re1 e6 9. a4 Qc7 10. a5 Bd6 11. Bc4 g5 12. Qe2 g4 13. Ne5 Nf8 14. Nxg4 Nxg4 15.
Qxg4 f5 16. Qxf5 Qe7 17. Qh5+ Qf7 18. Qxf7+ Kxf7 19. Ne4 Be7 20. Bf4 Ng6 21.
Nd6+ Bxd6 22. Bxd6 Bd7 23. f4 Nh4 24. Kh1 Rhg8 25. f5 Nxf5 26. Rf1 Kg6 27. Bd3
h5 28. Rae1 Rg7 29. c4 Kg5 30. Bf4+ Kg6 31. Re5 Re8 32. h4 Rf7 33. Rf3 Kg7 34.
Bxf5 Rxf5 35. Rg3+ Kf7 36. Rxf5+ exf5 37. Be5 Rg8 38. Rb3 Bc8 39. g3 Rg4 40.
Bf4 Rg6 41. Kg2 Re6 42. d5 cxd5 43. cxd5 Re2+ 44. Kf3 Rc2 45. Ke3 Rc5 46. Kd4
Rxd5+ 47. Kxd5 Be6+ 48. Ke5 Bxb3 49. Kxf5 a6 1/2-1/2

[Event "Bilderberg 2007"]
[Site "Oosterbeek"]
[Date "2007.07.04"]
[Round "5"]
[White "Nagel, J.G.."]
[Black "Oosthout , W.L.."]
[Result "1-0"]
[WhiteElo "1916"]
[BlackElo "1950"]
[PlyCount "107"]
[EventDate "2007.06.30"]
[SourceDate "2007.07.06"]

1. e4 e5 2. Nf3 Nc6 3. Bc4 Bc5 4. O-O Nf6 5. c3 O-O 6. d4 exd4 7. cxd4 Be7 8.
e5 Ne4 9. d5 Nb4 10. a3 Na6 11. Bd3 f5 12. Qe2 Nac5 13. Bc2 a5 14. Nbd2 d6 15.
Nxe4 fxe4 16. Bxe4 Nxe4 17. Qxe4 Bf5 18. Qc4 Kh8 19. Bd2 dxe5 20. Nxe5 Bd6 21.
Bc3 b6 22. Rad1 Bxe5 23. Bxe5 Rc8 24. Rc1 Qg5 25. f4 Qg6 26. Rf3 Qe8 27. Rg3
Rf7 28. Qd4 Qd7 29. d6 c5 30. Qc3 Kg8 31. Qb3 g6 32. Qxb6 c4 33. Qxa5 Qa7+ 34.
Qxa7 Rxa7 35. b3 Rxa3 36. bxc4 Rxg3 37. hxg3 Kf7 38. c5 Bd7 39. Bd4 h5 40. Kf2
Bc6 41. Ra1 Bd7 42. Ra7 Ke6 43. Ke3 Rc6 44. Ke4 Rc8 45. Rxd7 Kxd7 46. Kd5 Rc6
47. Ke5 Ra6 48. Kd5 Rc6 49. Bc3 Ra6 50. Bb4 Rc6 51. Ba5 g5 52. fxg5 Rc8 53. g6
Ra8 54. c6+ 1-0

[Event "Bilderberg 2007"]
[Site "Oosterbeek"]
[Date "2007.07.04"]
[Round "5"]
[White "Goossen, T.P.."]
[Black "Leeuwen , E. van"]
[Result "0-1"]
[WhiteElo "2060"]
[BlackElo "2047"]
[PlyCount "62"]
[EventDate "2007.06.30"]
[SourceDate "2007.07.06"]

1. e4 d5 2. exd5 Nf6 3. Bb5+ Bd7 4. Bc4 Bg4 5. f3 Bf5 6. Nc3 Nbd7 7. g4 Nb6 8.
d3 Bc8 9. Nge2 Nfxd5 10. Nxd5 Nxd5 11. Nf4 e6 12. Qe2 Bb4+ 13. Kd1 c6 14. a3
Ba5 15. Nh5 O-O 16. Be3 Bb6 17. Bd2 g6 18. Ng3 f5 19. gxf5 exf5 20. Re1 Bd4 21.
c3 Bg7 22. Kc2 Bd7 23. Qf2 Qf6 24. Bf4 b6 25. d4 Rfe8 26. Qd2 Qf7 27. Bb3 Be6
28. Be5 Ne3+ 29. Qxe3 Bxb3+ 30. Kc1 Bxe5 31. dxe5 f4 0-1

[Event "Bilderberg 2007"]
[Site "Oosterbeek"]
[Date "2007.07.04"]
[Round "5"]
[White "Haitsma, A.H.."]
[Black "Mostertman, L.G.."]
[Result "1-0"]
[WhiteElo "2013"]
[BlackElo "1980"]
[PlyCount "63"]
[EventDate "2007.06.30"]
[SourceDate "2007.07.06"]

1. d4 Nf6 2. Nf3 c5 3. e3 cxd4 4. exd4 d5 5. Bd3 Bg4 6. O-O Nc6 7. c3 Qc7 8.
Nbd2 e6 9. Re1 Bd6 10. Nf1 Bh5 11. Bg5 O-O-O 12. Ng3 Bg6 13. Rc1 Rde8 14. c4
Bxd3 15. Qxd3 dxc4 16. Rxc4 Nd5 17. Ne4 Bf4 18. Bxf4 Qxf4 19. Ne5 Kb8 20. Nxc6+
bxc6 21. Rxc6 Ka8 22. g3 Qb8 23. Nd6 Re7 24. Rec1 Nb4 25. Qf3 Nxc6 26. Qxc6+
Rb7 27. Nxf7 Rd8 28. Nxd8 Qxd8 29. Qc8+ Rb8 30. Qc6+ Rb7 31. Qxe6 Rd7 32. Rc3
1-0

[Event "Bilderberg 2007"]
[Site "Oosterbeek"]
[Date "2007.07.04"]
[Round "5"]
[White "Sep, C.J.P.."]
[Black "Duijvesteijn, L.W.T.."]
[Result "1/2-1/2"]
[WhiteElo "1971"]
[BlackElo "1985"]
[PlyCount "33"]
[EventDate "2007.06.30"]
[SourceDate "2007.07.06"]

1. e4 g6 2. d4 d6 3. Nc3 Bg7 4. f4 Nf6 5. e5 dxe5 6. dxe5 Qxd1+ 7. Kxd1 Ng8 8.
Nd5 Kd8 9. h3 Bd7 10. Be3 a5 11. Nf3 e6 12. Nc3 Ne7 13. Ng5 Ke8 14. Bd3 Bc6 15.
Nge4 Nd7 16. Ke2 Nd5 17. Nxd5 1/2-1/2

[Event "Bilderberg 2007"]
[Site "Oosterbeek"]
[Date "2007.07.05"]
[Round "6"]
[White "Markus, J.R.          ."]
[Black "Graaff, R.A.G. de"]
[Result "1/2-1/2"]
[WhiteElo "2200"]
[BlackElo "2155"]
[PlyCount "21"]
[EventDate "2007.06.30"]
[SourceDate "2007.07.06"]

1. d4 d5 2. Nf3 Nf6 3. Bf4 c5 4. e3 Nc6 5. c3 e6 6. Nbd2 Bd6 7. Bg3 Bxg3 8.
hxg3 Qd6 9. Bb5 Bd7 10. Bxc6 Bxc6 11. Ne5 1/2-1/2

[Event "Bilderberg 2007"]
[Site "Oosterbeek"]
[Date "2007.07.05"]
[Round "6"]
[White "Piket, J.J.."]
[Black "Speijer, N.B.."]
[Result "0-1"]
[WhiteElo "2120"]
[BlackElo "2133"]
[PlyCount "62"]
[EventDate "2007.06.30"]
[SourceDate "2007.07.06"]

1. d4 Nf6 2. Bg5 c5 3. d5 Ne4 4. Bf4 Qb6 5. Nd2 Nxd2 6. Bxd2 d6 7. e4 e5 8. a4
Be7 9. a5 Qd8 10. Bb5+ Nd7 11. a6 b6 12. Ne2 O-O 13. Nc3 Nf6 14. Bc6 Rb8 15.
Nb5 Nxe4 16. Nxa7 Nxd2 17. Nxc8 Bg5 18. a7 Rxc8 19. a8=Q Rxa8 20. Rxa8 Qe7 21.
Rxf8+ Kxf8 22. Qg4 g6 23. h4 Bh6 24. Ke2 e4 25. Qc8+ Kg7 26. h5 e3 27. Qe8 Qg5
28. hxg6 Qg4+ 29. Ke1 exf2+ 30. Kxf2 Ne4+ 31. Ke1 Bd2+ 0-1

[Event "Bilderberg 2007"]
[Site "Oosterbeek"]
[Date "2007.07.05"]
[Round "6"]
[White "Caspel, R.D.J. van  "]
[Black "Scholten, K.R.        ."]
[Result "1-0"]
[WhiteElo "2067"]
[BlackElo "1945"]
[PlyCount "42"]
[EventDate "2007.06.30"]
[SourceDate "2007.07.06"]

1. d4 Nf6 2. c4 c5 3. dxc5 e6 4. g3 Bxc5 5. Bg2 Nc6 6. Nf3 Qb6 7. O-O O-O 8.
Nc3 Be7 9. e4 d6 10. b3 Qa5 11. Bb2 a6 12. Nd4 Bd7 13. Re1 Rac8 14. Nxc6 Bxc6
15. Nd5 Bxd5 16. exd5 e5 17. Bh3 Rc7 18. a4 Nd7 19. Ba3 Qb6 20. a5 Qa7 21. b4
Rxc4 1-0

[Event "Bilderberg 2007"]
[Site "Oosterbeek"]
[Date "2007.07.05"]
[Round "6"]
[White "Visser, G.M.."]
[Black "Peut, A. van de"]
[Result "1-0"]
[WhiteElo "2019"]
[BlackElo "1924"]
[PlyCount "89"]
[EventDate "2007.06.30"]
[SourceDate "2007.07.06"]

1. e4 e6 2. d4 d5 3. Nc3 Bb4 4. e5 c5 5. a3 Bxc3+ 6. bxc3 Ne7 7. Nf3 Nbc6 8. a4
Qa5 9. Bd2 Bd7 10. Bd3 c4 11. Be2 Ng6 12. h4 h6 13. h5 Nf8 14. Qc1 O-O-O 15.
Qa3 f6 16. exf6 gxf6 17. Rh4 e5 18. dxe5 fxe5 19. Rb1 Bf5 20. Rb5 Qc7 21. a5 a6
22. Rb6 Nd7 23. Be3 d4 24. cxd4 Nxb6 25. axb6 Qxb6 26. Qa1 Nb4 27. Bd1 Nd5 28.
Nxe5 Nxe3 29. fxe3 Rhe8 30. Qc3 Qd6 31. Bf3 Kb8 32. Rf4 Bd7 33. Kf2 Bb5 34. Nf7
Qe7 35. Nxd8 Rxd8 36. d5 Qg5 37. Qd4 Be8 38. Qb6 Rd7 39. d6 Qd8 40. Qb4 b5 41.
Rd4 Qf6 42. Qc5 Qd8 43. Re4 Rxd6 44. Rxe8 Rd2+ 45. Ke1 1-0

[Event "Bilderberg 2007"]
[Site "Oosterbeek"]
[Date "2007.07.05"]
[Round "6"]
[White "Wilmink, J.."]
[Black "Vogel, J.            ."]
[Result "1/2-1/2"]
[WhiteElo "1942"]
[BlackElo "2214"]
[PlyCount "62"]
[EventDate "2007.06.30"]
[SourceDate "2007.07.06"]

1. d4 e6 2. c4 Nf6 3. Nc3 Bb4 4. e3 O-O 5. Bd3 d5 6. Nf3 c5 7. O-O b6 8. a3
Bxc3 9. bxc3 dxc4 10. Bxc4 Qc7 11. Qe2 Bb7 12. Bd3 Nbd7 13. e4 c4 14. Bc2 e5
15. d5 Ne8 16. Nh4 Nd6 17. g4 Nc5 18. Rb1 Ba6 19. Qf3 Bc8 20. Kh1 f6 21. Rg1 g6
22. Bh6 Rf7 23. Rbe1 Bd7 24. Qg3 Re8 25. Nf5 Kh8 26. Nxd6 Qxd6 27. Qe3 Ba4 28.
Bb1 Nd7 29. Qc1 Nc5 30. Rg3 Bd7 31. h3 Bc8 1/2-1/2